[Event "Nezhmetdinov Memorial 39th"]
[Site "Kazan"]
[Date "2017.06.06"]
[Round "7"]
[White "Pogorelskikh, Sergey"]
[Black "Mischeryakov, Alexey"]
[Result "1-0"]
[WhiteElo "2233"]
[BlackElo "1940"]
[PlyCount "55"]
[EventDate "2017.05.31"]
[EventType "swiss"]
[EventRounds "9"]
[EventCountry "RUS"]
[SourceTitle "EXT 2018"]
[Source "ChessBase"]
[SourceDate "2017.10.13"]
[SourceVersion "1"]
[SourceVersionDate "2017.10.13"]
[SourceQuality "1"]

1. e4 c5 2. Nf3 d6 3. d4 cxd4 4. Nxd4 Nf6 5. Nc3 g6 6. Be3 Bg7 7. f3 0-0 8. Qd2 Nc6 9. Bc4 Bd7 10. 0-0-0 Rc8 11. Bb3 Ne5 12. Kb1 Re8 13. g4 b5 14. h4 b4 15. Nd5 Nxd5 16. Bxd5 e6 17. Bb3 a5 18. h5 a4 19. hxg6 hxg6 20. Bh6 Bxh6 21. Rxh6 Kg7 22. Rdh1 Rg8 23. Rh7+ Kf6 24. f4 Nxg4 25. e5+ Ke7 26. Nf5+ gxf5 27. Qxd6+ Ke8 28. Rh8 1-0

[Event "Nezhmetdinov Memorial 39th"]
[Site "Kazan"]
[Date "2017.06.03"]
[Round "4"]
[White "Mischeryakov, Alexey"]
[Black "Kurninov, Andrei"]
[Result "1-0"]
[WhiteElo "1940"]
[BlackElo "1795"]
[PlyCount "75"]
[EventDate "2017.05.31"]
[EventType "swiss"]
[EventRounds "9"]
[EventCountry "RUS"]
[SourceTitle "EXT 2018"]
[Source "ChessBase"]
[SourceDate "2017.10.13"]
[SourceVersion "1"]
[SourceVersionDate "2017.10.13"]
[SourceQuality "1"]

1. e4 c5 2. Nf3 e6 3. c4 Nc6 4. Nc3 a6 5. a3 Qc7 6. d4 cxd4 7. Nxd4 Nf6 8. Be2 b6 9. Nxc6 Qxc6 10. e5 Ne4 11. Bf3 d5 12. cxd5 Nxc3 13. dxc6 Nxd1 14. Kxd1 Bc5 15. Re1 Bxf2 16. Re2 Bg1 17. Be3 Bxe3 18. Rxe3 Ke7 19. a4 Rd8+ 20. Ke1 Rd4 21. Rb3 a5 22. Rxb6 Rb4 23. Rxb4 axb4 24. b3 Ra5 25. Kf2 Rxe5 26. Rc1 Ba6 27. Rd1 Rc5 28. Rd4 Rc2+ 29. Kg3 e5 30. Rxb4 f5 31. Rb6 Bf1 32. b4 e4 33. Bd1 Rd2 34. Rb7+ Kf6 35. Rd7 Rxg2+ 36. Kf4 Ra2 37. c7 Ra3 38. Rd6+ 1-0

[Event "Samara Polugaevsky Memorial 6th"]
[Site "Samara"]
[Date "2016.07.07"]
[Round "5"]
[White "Mischeryakov, Alexey"]
[Black "Voinikonis, Nikita"]
[Result "0-1"]
[WhiteElo "1985"]
[BlackElo "2082"]
[PlyCount "52"]
[EventDate "2016.07.03"]
[EventType "swiss"]
[EventRounds "9"]
[EventCountry "RUS"]
[SourceTitle "EXT 2019"]
[Source "ChessBase"]
[SourceDate "2018.10.10"]
[SourceVersion "1"]
[SourceVersionDate "2018.10.10"]
[SourceQuality "1"]

1. c4 e6 2. Nc3 d5 3. d4 Be7 4. Nf3 Nf6 5. g3 dxc4 6. Ne5 Nc6 7. Nxc6 bxc6 8. Bg2 0-0 9. Bxc6 Rb8 10. Bg2 c5 11. d5 exd5 12. Nxd5 Nxd5 13. Qxd5 Qa5+ 14. Qd2 Qxd2+ 15. Kxd2 Bf6 16. Kc2 Bf5+ 17. e4 Bd7 18. Rb1 Ba4+ 19. b3 cxb3+ 20. axb3 Rxb3 21. Rxb3 c4 22. Bb2 Bxb3+ 23. Kc1 c3 24. Ba3 Re8 25. e5 Bxe5 26. Re1 c2 0-1

[Event "Chigorin Memorial 23rd"]
[Site "St Petersburg"]
[Date "2015.10.09"]
[Round "7"]
[White "Mischeryakov, Alexey"]
[Black "Vunder, Andrei"]
[Result "0-1"]
[WhiteElo "1923"]
[BlackElo "2192"]
[PlyCount "96"]
[EventDate "2015.10.03"]
[EventType "swiss"]
[EventRounds "9"]
[EventCountry "RUS"]
[SourceTitle "CBM 168 Extra"]
[Source "ChessBase"]
[SourceDate "2015.10.29"]
[SourceVersion "1"]
[SourceVersionDate "2015.10.29"]
[SourceQuality "1"]

1. e4 c6 2. Nc3 d5 3. Qf3 dxe4 4. Nxe4 Nd7 5. d4 Ngf6 6. c3 Nxe4 7. Qxe4 Nf6 8. Qc2 Bg4 9. Bd3 Bh5 10. Ne2 Bg6 11. Nf4 e6 12. Nxg6 hxg6 13. Be3 Qd5 14. f3 Bd6 15. c4 Qa5+ 16. Bd2 Bb4 17. Bxb4 Qxb4+ 18. Qc3 Qd6 19. c5 Qf4 20. Bf1 0-0-0 21. Rd1 Rxh2 22. Rxh2 Qxh2 23. Rd2 Qf4 24. Bc4 Nd5 25. Bxd5 Rxd5 26. b4 Rh5 27. Kd1 Qf5 28. Kc1 Rh1+ 29. Kb2 Qb1+ 30. Ka3 Rc1 31. Qb2 Re1 32. Qxb1 Rxb1 33. Ka4 b6 34. g4 Kb7 35. Re2 Rd1 36. Re4 b5+ 37. Kb3 Rd3+ 38. Kc2 Rxf3 39. g5 a5 40. bxa5 Ka6 41. Kd2 Kxa5 42. Ke2 Rf5 43. Re3 b4 44. Kd3 Rxg5 45. a3 bxa3 46. Kc4 Ka4 47. Rb3 Rg1 48. Rb6 Rc1+ 0-1

[Event "Chigorin Memorial 23rd"]
[Site "St Petersburg"]
[Date "2015.10.05"]
[Round "3"]
[White "Mischeryakov, Alexey"]
[Black "Karasev, Vladimir I"]
[Result "0-1"]
[WhiteElo "1923"]
[BlackElo "2341"]
[PlyCount "72"]
[EventDate "2015.10.03"]
[EventType "swiss"]
[EventRounds "9"]
[EventCountry "RUS"]
[SourceTitle "CBM 168 Extra"]
[Source "ChessBase"]
[SourceDate "2015.10.29"]
[SourceVersion "1"]
[SourceVersionDate "2015.10.29"]
[SourceQuality "1"]

1. e4 c5 2. Nf3 e6 3. d4 cxd4 4. Nxd4 Qb6 5. Nb3 Qc7 6. Nc3 a6 7. Bd3 Nf6 8. 0-0 b5 9. a3 Bb7 10. Bg5 Be7 11. f4 h6 12. Bh4 d6 13. Qe2 Nbd7 14. Kh1 g5 15. Bg3 gxf4 16. Bxf4 Ne5 17. Bxe5 dxe5 18. Rf2 h5 19. Raf1 Rh6 20. h3 Qb6 21. Rf3 Rg6 22. Qe3 Qxe3 23. Rxe3 Rc8 24. Kh2 h4 25. g4 hxg3+ 26. Rxg3 Rxg3 27. Kxg3 Nh5+ 28. Kf3 Nf4 29. Rh1 Bxa3 30. Nxb5 axb5 31. Bxb5+ Ke7 32. bxa3 Rc3+ 33. Kg4 Bxe4 34. Rh2 Bxc2 35. Rxc2 f5+ 36. Kh4 Rxh3+ 0-1

[Event "Chigorin Memorial 23rd"]
[Site "St Petersburg"]
[Date "2015.10.03"]
[Round "1"]
[White "Mischeryakov, Alexey"]
[Black "Chekletsov, Ilya"]
[Result "1-0"]
[WhiteElo "1923"]
[BlackElo "2299"]
[PlyCount "91"]
[EventDate "2015.10.03"]
[EventType "swiss"]
[EventRounds "9"]
[EventCountry "RUS"]
[SourceTitle "CBM 168 Extra"]
[Source "ChessBase"]
[SourceDate "2015.10.29"]
[SourceVersion "1"]
[SourceVersionDate "2015.10.29"]
[SourceQuality "1"]

1. e4 c5 2. Nf3 d6 3. d4 cxd4 4. Nxd4 Nf6 5. Nc3 g6 6. Be3 Bg7 7. Be2 0-0 8. 0-0 Nc6 9. Nxc6 bxc6 10. f4 Rb8 11. Rb1 Qa5 12. Qd2 Bg4 13. Bd3 Rb7 14. f5 Rfb8 15. h3 Bh5 16. g4 Bxg4 17. hxg4 Nxg4 18. fxg6 hxg6 19. Nd1 Qxa2 20. c3 Nxe3 21. Qxe3 c5 22. Qf3 Rf8 23. Ne3 Rxb2 24. Bc4 Qxb1 25. Bxf7+ Kh7 26. Rxb1 Rxb1+ 27. Kg2 Rb2+ 28. Kh1 Bf6 29. Be6 Rb1+ 30. Kg2 Rb2+ 31. Kh1 Rb1+ 32. Kg2 Rb2+ 33. Kh1 Rh8 34. Ng4 Kg7+ 35. Kg1 Rf8 36. Qe3 Rb1+ 37. Kg2 Rb2+ 38. Kg1 Rh8 39. Nxf6 Kxf6 40. Bc4 Rb1+ 41. Kg2 Rb2+ 42. Kg3 Rf8 43. Qh6 Rbb8 44. Qh4+ Kg7 45. Qxe7+ Kh6 46. Qxd6 1-0

[Event "Nezhmetdinov Memorial 37th"]
[Site "Kazan"]
[Date "2015.06.04"]
[Round "5"]
[White "Orysenko, Vladislav"]
[Black "Mischeryakov, Alexey"]
[Result "1-0"]
[WhiteElo "1560"]
[BlackElo "1945"]
[PlyCount "75"]
[EventDate "2015.05.31"]
[EventType "swiss"]
[EventRounds "9"]
[EventCountry "RUS"]
[SourceTitle "CBM 166 Extra"]
[Source "ChessBase"]
[SourceDate "2015.06.18"]
[SourceVersion "1"]
[SourceVersionDate "2015.06.18"]
[SourceQuality "1"]

1. d4 Nf6 2. c4 g6 3. Nc3 Bg7 4. e4 d6 5. f3 b6 6. Be3 c5 7. Nge2 Nc6 8. Qd2 a6 9. d5 Ne5 10. Nc1 h5 11. h3 Rb8 12. f4 Ned7 13. a4 Qc7 14. Bd3 e6 15. N1e2 exd5 16. exd5 Nf8 17. 0-0 Bd7 18. f5 Bxf5 19. Bxf5 gxf5 20. Rxf5 Ng6 21. Raf1 Ng8 22. Rxf7 Qxf7 23. Rxf7 Kxf7 24. Ne4 Be5 25. Nf4 N8e7 26. Ng5+ Ke8 27. Nxg6 Nxg6 28. Ne6 Kd7 29. Qf2 Ne7 30. Qf7 Rhg8 31. Bg5 Rge8 32. b3 b5 33. axb5 axb5 34. Qh7 bxc4 35. bxc4 Rb7 36. Qxh5 Bg3 37. Nxc5+ dxc5 38. Qg4+ 1-0

[Event "Nezhmetdinov Memorial 37th"]
[Site "Kazan"]
[Date "2015.06.02"]
[Round "3"]
[White "Shkalikova, Marina"]
[Black "Mischeryakov, Alexey"]
[Result "1-0"]
[WhiteElo "1737"]
[BlackElo "1945"]
[PlyCount "77"]
[EventDate "2015.05.31"]
[EventType "swiss"]
[EventRounds "9"]
[EventCountry "RUS"]
[SourceTitle "CBM 166 Extra"]
[Source "ChessBase"]
[SourceDate "2015.06.18"]
[SourceVersion "1"]
[SourceVersionDate "2015.06.18"]
[SourceQuality "1"]

1. e4 Nf6 2. e5 Nd5 3. c4 Nb6 4. d4 d6 5. f4 dxe5 6. fxe5 Nc6 7. Be3 Bf5 8. Nc3 e6 9. Nf3 Bg4 10. Be2 Bxf3 11. gxf3 Qh4+ 12. Bf2 Qh6 13. c5 Nd5 14. Nxd5 exd5 15. Qd2 Qxd2+ 16. Kxd2 g6 17. Be3 h5 18. b4 Ne7 19. Bd3 Kd7 20. a4 Ke6 21. Bf1 Nf5 22. Bh3 Bh6 23. Bxh6 Rxh6 24. Rhg1 f6 25. f4 fxe5 26. fxe5 Rf8 27. Raf1 a6 28. Rg5 Ke7 29. Bxf5 gxf5 30. Ke3 h4 31. h3 Ke6 32. Kf4 a5 33. b5 Rf7 34. Rfg1 Rhh7 35. Rg8 c6 36. bxc6 bxc6 37. Rc8 Kd7 38. Rgg8 Re7 39. Rgd8+ 1-0

[Event "Nezhmetdinov Memorial 37th"]
[Site "Kazan"]
[Date "2015.06.01"]
[Round "2"]
[White "Mischeryakov, Alexey"]
[Black "Askerov, Marat"]
[Result "0-1"]
[WhiteElo "1945"]
[BlackElo "2171"]
[PlyCount "60"]
[EventDate "2015.05.31"]
[EventType "swiss"]
[EventRounds "9"]
[EventCountry "RUS"]
[SourceTitle "CBM 166 Extra"]
[Source "ChessBase"]
[SourceDate "2015.06.18"]
[SourceVersion "1"]
[SourceVersionDate "2015.06.18"]
[SourceQuality "1"]

1. e4 e6 2. Qe2 c5 3. Nc3 Nc6 4. Nf3 g6 5. g3 Bg7 6. Bg2 Nge7 7. 0-0 d6 8. d3 0-0 9. Be3 Rb8 10. Qd2 b5 11. Bh6 b4 12. Bxg7 Kxg7 13. Ne2 e5 14. h3 h6 15. Nh2 Be6 16. f4 Qd7 17. g4 f5 18. exf5 gxf5 19. g5 hxg5 20. fxe5 f4 21. h4 dxe5 22. hxg5 Nd5 23. Rf3 Nd4 24. Nxd4 cxd4 25. Rf2 Ne3 26. a3 bxa3 27. Rxa3 Rxb2 28. Qa5 Rb1+ 29. Bf1 Rf5 30. Nf3 e4 0-1

[Event "Nezhmetdinov Memorial 37th"]
[Site "Kazan"]
[Date "2015.05.31"]
[Round "1"]
[White "Sorokin, Aleksey"]
[Black "Mischeryakov, Alexey"]
[Result "1-0"]
[WhiteElo "2396"]
[BlackElo "1945"]
[PlyCount "65"]
[EventDate "2015.05.31"]
[EventType "swiss"]
[EventRounds "9"]
[EventCountry "RUS"]
[SourceTitle "CBM 166 Extra"]
[Source "ChessBase"]
[SourceDate "2015.06.18"]
[SourceVersion "1"]
[SourceVersionDate "2015.06.18"]
[SourceQuality "1"]

1. d4 d5 2. c4 c6 3. Nf3 e6 4. Qc2 Nf6 5. e3 Bd6 6. Nc3 Nbd7 7. Bd3 dxc4 8. Bxc4 Nb6 9. Bd3 Qc7 10. e4 e5 11. dxe5 Bxe5 12. Nxe5 Qxe5 13. f4 Qc5 14. Nd5 Qd6 15. Nxf6+ Qxf6 16. e5 Qh4+ 17. g3 Qe7 18. a3 Nd5 19. Be4 Bd7 20. Bd2 a5 21. 0-0 h5 22. b4 h4 23. bxa5 hxg3 24. hxg3 Qe6 25. Bg2 Qh6 26. Kf2 g6 27. Rh1 Qg7 28. Rxh8+ Qxh8 29. Rh1 Qg7 30. Qb2 0-0-0 31. a6 b5 32. Bxd5 cxd5 33. Qc3+ 1-0

[Event "Nezhmetdinov Memorial 36th"]
[Site "Kazan"]
[Date "2014.05.31"]
[Round "1"]
[White "Mischeryakov, Alexey"]
[Black "Faizrakhmanov, Ramil"]
[Result "1/2-1/2"]
[WhiteElo "1945"]
[BlackElo "2364"]
[PlyCount "120"]
[EventDate "2014.05.31"]
[EventType "swiss"]
[EventRounds "9"]
[EventCountry "RUS"]
[SourceTitle "CBM 160 Extra"]
[Source "ChessBase"]
[SourceDate "2014.07.01"]
[SourceVersion "1"]
[SourceVersionDate "2014.07.01"]
[SourceQuality "1"]

1. e4 e5 2. Nf3 Nc6 3. d4 exd4 4. Nxd4 Bc5 5. Nxc6 Qf6 6. Qf3 bxc6 7. Bc4 Qxf3 8. gxf3 Ne7 9. Nc3 0-0 10. Be3 Bb6 11. 0-0-0 d6 12. Rhg1 Be6 13. Bb3 Bxb3 14. axb3 f5 15. Kd2 f4 16. Bxb6 axb6 17. Ra1 Ng6 18. Rxa8 Rxa8 19. Rg4 Rf8 20. Rg1 Ne5 21. Ke2 Ra8 22. b4 b5 23. b3 Kf7 24. Rg5 g6 25. Rg1 Kg7 26. h4 Kh6 27. Rh1 Kh5 28. Rh3 Ra1 29. Kd2 Rf1 30. Ke2 Rg1 31. Kd2 Kh6 32. Ke2 Kg7 33. Nd1 h5 34. Nc3 Kf6 35. Kd2 g5 36. hxg5+ Kxg5 37. Ke2 h4 38. Kd2 Nxf3+ 39. Rxf3 Kg4 40. Rxf4+ Kxf4 41. Ne2+ Kf3 42. Nxg1+ Kxf2 43. Nh3+ Kg3 44. Ng1 Kg2 45. Ne2 Kf2 46. Nf4 Kf3 47. Nh3 Kxe4 48. Ke2 Kd4 49. Kd2 c5 50. Ng5 Kd5 51. bxc5 Kxc5 52. Kc3 c6 53. Ne4+ Kd5 54. Ng5 c5 55. Kd3 b4 56. Ke3 c4 57. Kd2 Kc5 58. Ne4+ Kd5 59. Ng5 Kc5 60. Ne4+ Kd5 1/2-1/2